000 00329 a2200145 4500
001 47510
040 _cAnchieta - Aquarius
100 _aMatthews, CaitlĂ­n
240 1 0 _aComo ser uma princesa
_lpor
245 1 0 _aComo ser uma princesa
300 _a28p.
362 0 _a2012
650 4 _aLiteratura infanto-juvenil
942 _cBK
999 _c47510
_d47510